000 00642nam a2200169Ia 4500
008 090711s9999 xx 000 0 und d
082 _b255
100 _aशनवारे ना. उाgऎ.
245 _aअपूर्णातून अपूर्णाकडे
260 _bमॅजेस्टीक प्रकाशन
_c1997
300 _a202
600 _aशनवारे ना. उाgऎ.
630 _aअपूर्णातून अपूर्णाकडे
700 _aशनवारे ना. उाgऎ.
730 _aअपूर्णातून अपूर्णाकडे
942 _cBOOK
999 _c323696
_d323696